[Event "Capablanca Memorial Premier I 38th"]
[Site "Havana"]
[Date "2003.05.09"]
[Round "4"]
[White "Delgado Ramirez, Neuris"]
[Black "Almeida Quintana, Omar"]
[Result "1-0"]
[WhiteElo "2508"]
[BlackElo "2437"]
[PlyCount "81"]
[EventDate "2003.05.06"]
[EventType "tourn"]
[EventRounds "13"]
[EventCountry "CUB"]
[EventCategory "8"]
[SourceTitle "CBM 094 Extra"]
[Source "ChessBase"]
[SourceDate "2003.07.09"]
[SourceVersion "2"]
[SourceVersionDate "2003.07.09"]
[SourceQuality "1"]

1. e4 e6 2. d4 d5 3. Nd2 Nf6 4. e5 Nfd7 5. f4 c5 6. Ngf3 Nc6 7. Nb3 cxd4 8.
Nbxd4 Nc5 9. Be2 Be7 10. O-O O-O 11. Be3 Bd7 12. c3 Nxd4 13. Nxd4 Rc8 14. Rc1
a6 15. Bf3 Bb5 16. Nxb5 axb5 17. Qe2 Qd7 18. Rfd1 Na4 19. f5 Bc5 20. f6 gxf6
21. exf6 Kh8 22. b3 Nb6 23. Bxc5 Rxc5 24. Be4 Qc7 25. Bxh7 Nd7 26. Bb1 Nxf6 27.
Rd3 Rc8 28. Rf3 Kg7 29. Rcf1 Ne4 30. Bxe4 dxe4 31. Qxe4 Rxc3 32. Qg4+ Kf8 33.
Qb4+ Rc5 34. Rf6 Qe7 35. Qh4 Ke8 36. Qh8+ Kd7 37. Qh7 Rc1 38. Qxf7 Rxf1+ 39.
Rxf1 Rc7 40. Rd1+ Kc6 41. Rc1+ 1-0

[Event "Capablanca Memorial Premier I 38th"]
[Site "Havana"]
[Date "2003.05.10"]
[Round "5"]
[White "Rodriguez Guerrero, Enrique"]
[Black "Delgado Ramirez, Neuris"]
[Result "0-1"]
[WhiteElo "2502"]
[BlackElo "2508"]
[PlyCount "96"]
[EventDate "2003.05.06"]
[EventType "tourn"]
[EventRounds "13"]
[EventCountry "CUB"]
[EventCategory "8"]
[SourceTitle "CBM 094 Extra"]
[Source "ChessBase"]
[SourceDate "2003.07.09"]
[SourceVersion "2"]
[SourceVersionDate "2003.07.09"]
[SourceQuality "1"]

1. e4 c5 2. Nf3 d6 3. d4 cxd4 4. Nxd4 Nf6 5. Nc3 a6 6. f3 e5 7. Nb3 Be7 8. Be3
O-O 9. Qd2 Be6 10. O-O-O Qc7 11. g4 Nbd7 12. h4 Rfc8 13. Qf2 b5 14. g5 Nh5 15.
Kb1 b4 16. Nd5 Bxd5 17. Rxd5 Rcb8 18. Ra5 Nc5 19. Bxc5 dxc5 20. Bc4 Rb6 21. Bd5
Rc8 22. Nd2 Rg6 23. Nc4 Nf4 24. Rd1 h6 25. Qf1 hxg5 26. hxg5 Bxg5 27. Ra4 Nxd5
28. exd5 Bf4 29. Qd3 Rd8 30. a3 bxa3 31. Qxa3 Rg3 32. Qd3 Qc8 33. Ra3 g6 34. d6
Qf5 35. d7 e4 36. Qxe4 Qxe4 37. fxe4 Rxa3 38. bxa3 Bc7 39. Nb2 Kf8 40. Na4 c4
41. Nc5 Ke7 42. Rd4 g5 43. Kc1 g4 44. Nxa6 Bb6 45. Rd5 g3 46. Nb4 g2 47. Nc6+
Kf8 48. Rd1 Rxd7 0-1

[Event "Capablanca Memorial Premier I 38th"]
[Site "Havana"]
[Date "2003.05.11"]
[Round "6"]
[White "Delgado Ramirez, Neuris"]
[Black "Perez Rodriguez, Luis Manuel"]
[Result "1-0"]
[WhiteElo "2508"]
[BlackElo "2391"]
[PlyCount "89"]
[EventDate "2003.05.06"]
[EventType "tourn"]
[EventRounds "13"]
[EventCountry "CUB"]
[EventCategory "8"]
[SourceTitle "CBM 094 Extra"]
[Source "ChessBase"]
[SourceDate "2003.07.09"]
[SourceVersion "2"]
[SourceVersionDate "2003.07.09"]
[SourceQuality "1"]

1. e4 e5 2. Nf3 d6 3. d4 exd4 4. Qxd4 Nf6 5. Nc3 Be7 6. Bb5+ Bd7 7. Bxd7+ Qxd7
8. Bf4 Nc6 9. Qd2 O-O-O 10. O-O-O Rhe8 11. Nd4 Kb8 12. f3 Nxd4 13. Qxd4 Qc6 14.
Be3 Qa6 15. Kb1 Rc8 16. Nd5 Nxd5 17. Qxd5 f6 18. Rd3 b6 19. Rhd1 Bf8 20. Qh5 h6
21. Bf4 Qc4 22. Rd5 Qe2 23. Qg6 Re6 24. h4 Rce8 25. R5d2 Qb5 26. h5 Qd7 27. g4
R8e7 28. Qf5 Re8 29. Qd5 R6e7 30. Qc4 Re6 31. Rd5 Kb7 32. Qb3 Kc8 33. a4 Kd8
34. Qc4 Ke7 35. R1d3 Kf7 36. Rc3 Rc8 37. Rd4 Be7 38. Be3 Kf8 39. Qd5 Kg8 40.
Qb7 a5 41. Rc6 Kh7 42. Rdc4 Bd8 43. Rxb6 d5 44. Rxe6 dxc4 45. Qd5 1-0

[Event "Capablanca Memorial Premier I 38th"]
[Site "Havana"]
[Date "2003.05.12"]
[Round "7"]
[White "Herrera, Irisberto"]
[Black "Delgado Ramirez, Neuris"]
[Result "0-1"]
[WhiteElo "2436"]
[BlackElo "2508"]
[PlyCount "96"]
[EventDate "2003.05.06"]
[EventType "tourn"]
[EventRounds "13"]
[EventCountry "CUB"]
[EventCategory "8"]
[SourceTitle "CBM 094 Extra"]
[Source "ChessBase"]
[SourceDate "2003.07.09"]
[SourceVersion "2"]
[SourceVersionDate "2003.07.09"]
[SourceQuality "1"]

1. e4 c5 2. Nf3 d6 3. d4 cxd4 4. Nxd4 Nf6 5. Nc3 Nc6 6. Bg5 Qa5 7. Bxf6 gxf6 8.
Nb3 Qg5 9. Nd5 Rb8 10. f4 Qg6 11. Qd3 Bh6 12. g3 f5 13. Bg2 fxe4 14. Bxe4 f5
15. Bg2 O-O 16. O-O e5 17. Rad1 e4 18. Qe3 Bg7 19. c3 Qf7 20. Rf2 Be6 21. Rfd2
Rfd8 22. Na1 Bxd5 23. Rxd5 Ne7 24. Ra5 d5 25. Nc2 Nc6 26. Ra3 Rd6 27. Bf1 Rbd8
28. Nd4 a6 29. Rb3 Rc8 30. Nxc6 Rdxc6 31. Be2 Rd8 32. Kg2 b5 33. Rd2 Bf8 34.
Qg1 Bc5 35. Qd1 Rcd6 36. Bh5 Qa7 37. Be2 Qg7 38. Qc2 Qg6 39. a4 bxa4 40. Rb7
Be3 41. Rd1 Bxf4 42. Kh1 Be5 43. Qxa4 Qg5 44. Qa5 Rh6 45. Rg1 Kh8 46. Bc4 Rg8
47. Qxd5 Rxh2+ 48. Kxh2 Bxg3+ 0-1

[Event "Capablanca Memorial Premier I 38th"]
[Site "Havana"]
[Date "2003.05.13"]
[Round "8"]
[White "Delgado Ramirez, Neuris"]
[Black "Mateo, Ramon"]
[Result "1/2-1/2"]
[WhiteElo "2508"]
[BlackElo "2444"]
[PlyCount "121"]
[EventDate "2003.05.06"]
[EventType "tourn"]
[EventRounds "13"]
[EventCountry "CUB"]
[EventCategory "8"]
[SourceTitle "CBM 094 Extra"]
[Source "ChessBase"]
[SourceDate "2003.07.09"]
[SourceVersion "2"]
[SourceVersionDate "2003.07.09"]
[SourceQuality "1"]

1. e4 c5 2. Nf3 d6 3. Bb5+ Bd7 4. Bxd7+ Nxd7 5. O-O Ngf6 6. Re1 e6 7. b3 Be7 8.
Bb2 O-O 9. c4 a6 10. d4 cxd4 11. Nxd4 Qb8 12. Nc3 Bd8 13. h3 Ba5 14. Rc1 Re8
15. Re3 Bb6 16. Re2 Ne5 17. a3 Ng6 18. Rec2 Ba7 19. Rd2 Qc7 20. Nf3 Rad8 21.
Qc2 Nh5 22. Ne2 Qe7 23. Rcd1 h6 24. Bc3 Nh4 25. Nxh4 Qxh4 26. Bd4 Bb8 27. Be3
Rc8 28. Qb1 Nf6 29. f4 b5 30. cxb5 axb5 31. a4 bxa4 32. bxa4 Rc4 33. Rb2 Bc7
34. Rc2 Rxc2 35. Qxc2 Qh5 36. f5 d5 37. Bd4 Nxe4 38. fxe6 Rxe6 39. Qxc7 Qxe2
40. Rf1 Qh5 41. a5 Qg6 42. Kh2 Nd2 43. Rf4 Re1 44. a6 Re2 45. Bf2 Qxa6 46.
Qxf7+ Kh7 47. Qxd5 Qe6 48. Qd3+ Kg8 49. Bg3 Qe3 50. Qd5+ Qe6 51. Qd8+ Qe8 52.
Qd5+ Qe6 53. Qd8+ Qe8 54. Qd3 Qe3 55. Qf5 Qe6 56. Qf8+ Kh7 57. Qf5+ Qxf5 58.
Rxf5 Kg6 59. Rf2 Rxf2 60. Bxf2 Ne4 61. Bd4 1/2-1/2

[Event "Capablanca Memorial Premier I 38th"]
[Site "Havana"]
[Date "2003.05.14"]
[Round "9"]
[White "Szekely, Peter"]
[Black "Delgado Ramirez, Neuris"]
[Result "1/2-1/2"]
[WhiteElo "2417"]
[BlackElo "2508"]
[PlyCount "25"]
[EventDate "2003.05.06"]
[EventType "tourn"]
[EventRounds "13"]
[EventCountry "CUB"]
[EventCategory "8"]
[SourceTitle "CBM 094 Extra"]
[Source "ChessBase"]
[SourceDate "2003.07.09"]
[SourceVersion "2"]
[SourceVersionDate "2003.07.09"]
[SourceQuality "1"]

1. Nf3 Nf6 2. c4 e6 3. g3 d5 4. Bg2 Be7 5. d4 O-O 6. Qc2 a6 7. O-O dxc4 8. Qxc4
b5 9. Qc2 Bb7 10. Bg5 Nbd7 11. Bxf6 gxf6 12. Ng5 fxg5 13. Bxb7 1/2-1/2

[Event "Capablanca Memorial Premier I 38th"]
[Site "Havana"]
[Date "2003.05.15"]
[Round "10"]
[White "Delgado Ramirez, Neuris"]
[Black "Otero Acosta, Diasmany"]
[Result "1-0"]
[WhiteElo "2508"]
[BlackElo "2394"]
[PlyCount "103"]
[EventDate "2003.05.06"]
[EventType "tourn"]
[EventRounds "13"]
[EventCountry "CUB"]
[EventCategory "8"]
[SourceTitle "CBM 094 Extra"]
[Source "ChessBase"]
[SourceDate "2003.07.09"]
[SourceVersion "2"]
[SourceVersionDate "2003.07.09"]
[SourceQuality "1"]

1. e4 e5 2. Nf3 Nc6 3. Bb5 a6 4. Ba4 Nf6 5. Nc3 b5 6. Bb3 Bc5 7. d3 d6 8. Nd5
Na5 9. Bg5 Nxb3 10. axb3 c6 11. Bxf6 gxf6 12. Ne3 Bxe3 13. fxe3 f5 14. exf5
Bxf5 15. O-O Bg6 16. Qe1 O-O 17. Nh4 Qg5 18. e4 f5 19. exf5 Bxf5 20. Nxf5 Rxf5
21. Qe4 Rxf1+ 22. Rxf1 d5 23. Qf5 Qxf5 24. Rxf5 Re8 25. Rf6 e4 26. dxe4 Rxe4
27. Kf2 c5 28. Rxa6 c4 29. Rb6 Rd4 30. Ke2 Re4+ 31. Kf3 Rd4 32. Rxb5 Rd2 33.
bxc4 dxc4 34. c3 Kg7 35. Rb6 Rc2 36. h4 Rd2 37. g4 Rh2 38. Kg3 Rd2 39. g5 Rc2
40. Kg4 Rg2+ 41. Kh5 Rh2 42. Rb7+ Kg8 43. Kg4 Rg2+ 44. Kf5 Rh2 45. h5 Rf2+ 46.
Ke6 Re2+ 47. Kd5 Rh2 48. h6 Rg2 49. Kxc4 Rxg5 50. Rg7+ Kh8 51. Rd7 Kg8 52. b4
1-0

[Event "Capablanca Memorial Premier I 38th"]
[Site "Havana"]
[Date "2003.05.16"]
[Round "11"]
[White "Herraiz Hidalgo, Herminio"]
[Black "Delgado Ramirez, Neuris"]
[Result "1/2-1/2"]
[WhiteElo "2491"]
[BlackElo "2508"]
[PlyCount "48"]
[EventDate "2003.05.06"]
[EventType "tourn"]
[EventRounds "13"]
[EventCountry "CUB"]
[EventCategory "8"]
[SourceTitle "CBM 094 Extra"]
[Source "ChessBase"]
[SourceDate "2003.07.09"]
[SourceVersion "2"]
[SourceVersionDate "2003.07.09"]
[SourceQuality "1"]

1. d4 Nf6 2. c4 e6 3. Nc3 Bb4 4. Qc2 O-O 5. a3 Bxc3+ 6. Qxc3 b6 7. Bg5 Ba6 8.
Qf3 Nc6 9. e3 Bb7 10. Qd1 d6 11. Ne2 Nb8 12. Nc3 Nbd7 13. Bd3 h6 14. Bh4 Bxg2
15. Rg1 Bb7 16. Ne4 Kh8 17. Qf3 Bxe4 18. Bxe4 Rb8 19. Rxg7 Kxg7 20. Qg3+ Kh8
21. Qf4 Kg7 22. Qg3+ Kh8 23. Qf4 Kg7 24. Qg3+ Kh8 1/2-1/2

[Event "Capablanca Memorial Premier I 38th"]
[Site "Havana"]
[Date "2003.05.17"]
[Round "12"]
[White "Delgado Ramirez, Neuris"]
[Black "Perez Garcia, Rodney Oscar"]
[Result "1-0"]
[WhiteElo "2508"]
[BlackElo "2403"]
[PlyCount "107"]
[EventDate "2003.05.06"]
[EventType "tourn"]
[EventRounds "13"]
[EventCountry "CUB"]
[EventCategory "8"]
[SourceTitle "CBM 094 Extra"]
[Source "ChessBase"]
[SourceDate "2003.07.09"]
[SourceVersion "2"]
[SourceVersionDate "2003.07.09"]
[SourceQuality "1"]

1. e4 e5 2. Nf3 Nf6 3. Nxe5 d6 4. Nf3 Nxe4 5. Bd3 Nf6 6. h3 Be7 7. O-O O-O 8.
c3 b6 9. Bc2 Bb7 10. d4 Re8 11. Nbd2 Bf8 12. Nc4 Nbd7 13. Ne3 d5 14. Nf5 Ne4
15. Nh2 g6 16. Nh6+ Kg7 17. Nf3 Bd6 18. Ng4 f5 19. Nge5 Nxe5 20. Nxe5 Qh4 21.
f4 c5 22. Be3 Rac8 23. a4 a5 24. Rf3 Rc7 25. Kh2 Rf8 26. Qe2 c4 27. Rg1 Bc8 28.
g3 Qd8 29. g4 Kh8 30. g5 Be6 31. h4 Bf7 32. Rh3 Be8 33. Bd1 Re7 34. h5 gxh5 35.
Qe1 Rg8 36. Bxh5 Bxh5 37. Rxh5 Bxe5 38. dxe5 Re6 39. Qh4 Rg7 40. Rg2 Kg8 41.
Qh3 Qe8 42. Rh4 Qf7 43. Bd4 Nc5 44. Bxc5 bxc5 45. Rd2 Rb6 46. Qg2 Qb7 47. Qxd5+
Qxd5 48. Rxd5 Rxb2+ 49. Kg3 Rb3 50. Rd8+ Kf7 51. Rh6 Rxc3+ 52. Kh4 Rd3 53. Rc8
Ke7 54. Rxc5 1-0

[Event "Capablanca Memorial Premier I 38th"]
[Site "Havana"]
[Date "2003.05.18"]
[Round "13"]
[White "Gomez Fontal, Felix Manuel"]
[Black "Delgado Ramirez, Neuris"]
[Result "1/2-1/2"]
[WhiteElo "2401"]
[BlackElo "2508"]
[PlyCount "21"]
[EventDate "2003.05.06"]
[EventType "tourn"]
[EventRounds "13"]
[EventCountry "CUB"]
[EventCategory "8"]
[SourceTitle "CBM 094 Extra"]
[Source "ChessBase"]
[SourceDate "2003.07.09"]
[SourceVersion "2"]
[SourceVersionDate "2003.07.09"]
[SourceQuality "1"]

1. d4 Nf6 2. Nf3 e6 3. e3 d5 4. Bd3 c5 5. c3 Nc6 6. O-O Bd6 7. Nbd2 O-O 8. Re1
e5 9. dxe5 Nxe5 10. Nxe5 Bxe5 11. Nf3 1/2-1/2

[Event "Guillermo Garcia Memorial-A 11th"]
[Site "Santa Clara"]
[Date "2003.??.??"]
[Round "1"]
[White "Valdes Romero, Leonardo"]
[Black "Delgado Ramirez, Neuris"]
[Result "1/2-1/2"]
[WhiteElo "2408"]
[BlackElo "2526"]
[PlyCount "112"]
[EventDate "2003.05.19"]
[EventType "tourn"]
[EventRounds "13"]
[EventCountry "CUB"]
[EventCategory "8"]
[SourceTitle "EXT 2007"]
[Source "ChessBase"]
[SourceDate "2006.11.23"]
[SourceVersion "1"]
[SourceVersionDate "2006.11.23"]
[SourceQuality "1"]

1. Nf3 Nf6 2. c4 e6 3. g3 a6 4. Bg2 b5 5. b3 Bb7 6. O-O c5 7. Bb2 Be7 8. e3 Qb6
9. Nc3 O-O 10. Qc2 h6 11. Rac1 Nc6 12. Ba1 Nb4 13. Qb1 Qa5 14. Ne5 Bxg2 15.
Kxg2 d6 16. Nd3 Nc6 17. Ne2 Rfd8 18. Rfd1 Qb6 19. Qc2 Nd7 20. Nef4 Qb7 21. Kg1
Bf6 22. Ne1 Nb4 23. Qb1 Bxa1 24. Qxa1 e5 25. Ne2 Nf6 26. d4 exd4 27. exd4 Re8
28. Qb2 bxc4 29. bxc4 Qe7 30. Nf4 Rab8 31. Qa3 Qb7 32. dxc5 dxc5 33. Nd5 Re6
34. Nd3 Nxd3 35. Qxd3 Rbe8 36. Rb1 Qc8 37. Nf4 Re4 38. Nd5 Nh7 39. h4 Nf8 40.
Qf3 Qh3 41. Qg2 Qxg2+ 42. Kxg2 Rxc4 43. Nc7 Rc8 44. Nxa6 Ne6 45. Rd2 Kh7 46.
Nb8 Ra4 47. Nd7 Ra6 48. Ne5 c4 49. Rc1 c3 50. Rd3 c2 51. a3 Rb6 52. Rd2 Rb2 53.
Nf3 Rc4 54. Ne5 Rc3 55. Nd3 Rbb3 56. Nb4 Rxa3 1/2-1/2

[Event "Guillermo Garcia Memorial-A 11th"]
[Site "Santa Clara"]
[Date "2003.??.??"]
[Round "2"]
[White "Delgado Ramirez, Neuris"]
[Black "De la Paz Perdomo, Frank"]
[Result "1/2-1/2"]
[WhiteElo "2526"]
[BlackElo "2441"]
[PlyCount "25"]
[EventDate "2003.05.19"]
[EventType "tourn"]
[EventRounds "13"]
[EventCountry "CUB"]
[EventCategory "8"]
[SourceTitle "EXT 2007"]
[Source "ChessBase"]
[SourceDate "2006.11.23"]
[SourceVersion "1"]
[SourceVersionDate "2006.11.23"]
[SourceQuality "1"]

1. e4 e5 2. Nf3 Nc6 3. Bb5 a6 4. Bc4 Nf6 5. Nc3 Bb4 6. Nd5 Bc5 7. O-O O-O 8. d3
Nxd5 9. exd5 Nd4 10. Nxd4 Bxd4 11. c3 Ba7 12. Re1 d6 13. d4 1/2-1/2

[Event "Guillermo Garcia Memorial-A 11th"]
[Site "Santa Clara"]
[Date "2003.??.??"]
[Round "3"]
[White "Gongora Reyes, Maikel"]
[Black "Delgado Ramirez, Neuris"]
[Result "1-0"]
[WhiteElo "2387"]
[BlackElo "2526"]
[PlyCount "83"]
[EventDate "2003.05.19"]
[EventType "tourn"]
[EventRounds "13"]
[EventCountry "CUB"]
[EventCategory "8"]
[SourceTitle "EXT 2007"]
[Source "ChessBase"]
[SourceDate "2006.11.23"]
[SourceVersion "1"]
[SourceVersionDate "2006.11.23"]
[SourceQuality "1"]

1. e4 c5 2. Nc3 Nc6 3. Bb5 Nd4 4. Bc4 e6 5. Nf3 Nf6 6. O-O a6 7. d3 d5 8. exd5
exd5 9. Nxd5 Nxd5 10. Nxd4 Nf6 11. Nf3 Be7 12. a4 O-O 13. h3 Bd6 14. Re1 Qc7
15. Bg5 Nh5 16. Ne5 Bxe5 17. Qxh5 Be6 18. Be7 Bh2+ 19. Kh1 Rfe8 20. Bxc5 Bxc4
21. dxc4 g6 22. Qd5 Be5 23. Bd4 Bxd4 24. Qxd4 Red8 25. Qc3 Qf4 26. Re2 Rac8 27.
Rae1 b5 28. axb5 axb5 29. c5 b4 30. Qe5 Qc4 31. b3 Qb5 32. Qe7 Kg7 33. Re5 Rd2
34. Rf5 Rf8 35. Qf6+ Kg8 36. h4 Qd7 37. Rf4 Rxc2 38. Re5 Qd1+ 39. Kh2 Rc1 40.
Re8 Qxb3 41. Rxf8+ Kxf8 42. Rd4 1-0

[Event "Guillermo Garcia Memorial-A 11th"]
[Site "Santa Clara"]
[Date "2003.??.??"]
[Round "4"]
[White "Delgado Ramirez, Neuris"]
[Black "Gonzalez Garcia, Jose"]
[Result "1-0"]
[WhiteElo "2526"]
[BlackElo "2431"]
[PlyCount "85"]
[EventDate "2003.05.19"]
[EventType "tourn"]
[EventRounds "13"]
[EventCountry "CUB"]
[EventCategory "8"]
[SourceTitle "EXT 2007"]
[Source "ChessBase"]
[SourceDate "2006.11.23"]
[SourceVersion "1"]
[SourceVersionDate "2006.11.23"]
[SourceQuality "1"]

1. e4 e5 2. Nf3 Nc6 3. Bb5 Nf6 4. Qe2 Bc5 5. d3 d6 6. c3 Bd7 7. O-O O-O 8. Ba4
Ne7 9. Bc2 Ng6 10. Be3 Bb6 11. d4 Qe7 12. a4 c6 13. Nbd2 Ng4 14. a5 Bc7 15.
Rfe1 f6 16. c4 Nxe3 17. Qxe3 a6 18. Nf1 exd4 19. Nxd4 Qe5 20. Nf3 Qc5 21. Qc3
Rae8 22. b4 Qa7 23. Ne3 Kh8 24. Rad1 Bc8 25. Nd4 Ne5 26. Ndf5 Nf7 27. h4 Bxf5
28. Nxf5 b6 29. axb6 Bxb6 30. Re2 c5 31. b5 axb5 32. cxb5 Qa5 33. Qd3 Rd8 34.
h5 Rd7 35. Qg3 Ne5 36. Red2 c4 37. Rxd6 Rdf7 38. Kh1 Qa2 39. f4 Qxc2 40. fxe5
fxe5 41. h6 gxh6 42. Qxe5+ Rf6 43. Qxf6+ 1-0

[Event "Guillermo Garcia Memorial-A 11th"]
[Site "Santa Clara"]
[Date "2003.??.??"]
[Round "5"]
[White "Gonzalez Vidal, Yuri"]
[Black "Delgado Ramirez, Neuris"]
[Result "1-0"]
[WhiteElo "2456"]
[BlackElo "2526"]
[PlyCount "85"]
[EventDate "2003.05.19"]
[EventType "tourn"]
[EventRounds "13"]
[EventCountry "CUB"]
[EventCategory "8"]
[SourceTitle "EXT 2007"]
[Source "ChessBase"]
[SourceDate "2006.11.23"]
[SourceVersion "1"]
[SourceVersionDate "2006.11.23"]
[SourceQuality "1"]

1. e4 c5 2. Nf3 d6 3. d4 cxd4 4. Nxd4 Nf6 5. Nc3 Nc6 6. Bc4 e6 7. Be3 Na5 8.
Bd3 a6 9. a4 e5 10. Nde2 Be6 11. O-O Rc8 12. h3 Be7 13. Kh1 Nc4 14. Bc1 O-O 15.
b3 Nb6 16. a5 Nbd7 17. Bb2 Rc5 18. f4 exf4 19. b4 Rc8 20. Nxf4 Bc4 21. Qe1 Ne5
22. Qg3 b5 23. axb6 Qxb6 24. Bxc4 Rxc4 25. Ncd5 Nxd5 26. Nxd5 Qd8 27. Bxe5 dxe5
28. Qd3 Rd4 29. Qxa6 Bd6 30. Qc6 Bb8 31. c3 Rd2 32. Rad1 Rxd1 33. Rxd1 Qg5 34.
Qc5 g6 35. Qe7 Qxe7 36. Nxe7+ Kg7 37. Rd7 Kf6 38. Nd5+ Kg5 39. c4 f5 40. c5
fxe4 41. c6 Rf1+ 42. Kh2 Rc1 43. b5 1-0

[Event "Guillermo Garcia Memorial-A 11th"]
[Site "Santa Clara"]
[Date "2003.??.??"]
[Round "6"]
[White "Delgado Ramirez, Neuris"]
[Black "Mateo, Ramon"]
[Result "1/2-1/2"]
[WhiteElo "2526"]
[BlackElo "2437"]
[PlyCount "110"]
[EventDate "2003.05.19"]
[EventType "tourn"]
[EventRounds "13"]
[EventCountry "CUB"]
[EventCategory "8"]
[SourceTitle "EXT 2007"]
[Source "ChessBase"]
[SourceDate "2006.11.23"]
[SourceVersion "1"]
[SourceVersionDate "2006.11.23"]
[SourceQuality "1"]

1. e4 c5 2. Nf3 d6 3. Bc4 Nf6 4. d3 e6 5. Bb3 Nc6 6. c3 Be7 7. O-O O-O 8. Re1
b6 9. Nbd2 Ba6 10. Nf1 Rc8 11. Bf4 Qd7 12. h3 Rfd8 13. Bc2 Qb7 14. a3 Nd7 15.
Ne3 Nce5 16. Bg3 Bb5 17. Nh2 c4 18. d4 Nd3 19. Bxd3 cxd3 20. f3 Nf6 21. Nhg4
Nh5 22. Bh2 Bh4 23. Nf2 a5 24. g4 Nf6 25. Qd2 a4 26. Rf1 Bxf2+ 27. Rxf2 Qc6 28.
h4 Ba6 29. Bg3 Qb5 30. Rd1 h6 31. Rg2 Nh7 32. Bf2 Nf8 33. h5 Nh7 34. Bh4 Re8
35. Kh2 Ng5 36. Qf2 Qd7 37. Rg3 Qd8 38. Bxg5 hxg5 39. Qd2 Qf6 40. Ng2 e5 41. d5
Bc4 42. Ne3 b5 43. Kg2 Qf4 44. Qf2 g6 45. Rh3 Re7 46. Rdh1 Rce8 47. hxg6 fxg6
48. Rh8+ Kg7 49. Nf5+ gxf5 50. Rxe8 Rxe8 51. Qa7+ Kg8 52. Qh7+ Kf8 53. Qh6+ Kf7
54. Qh7+ Kf8 55. Qh6+ Kf7 1/2-1/2

[Event "Guillermo Garcia Memorial-A 11th"]
[Site "Santa Clara"]
[Date "2003.??.??"]
[Round "7"]
[White "Otero Acosta, Diasmany"]
[Black "Delgado Ramirez, Neuris"]
[Result "1/2-1/2"]
[WhiteElo "2381"]
[BlackElo "2526"]
[PlyCount "70"]
[EventDate "2003.05.19"]
[EventType "tourn"]
[EventRounds "13"]
[EventCountry "CUB"]
[EventCategory "8"]
[SourceTitle "EXT 2007"]
[Source "ChessBase"]
[SourceDate "2006.11.23"]
[SourceVersion "1"]
[SourceVersionDate "2006.11.23"]
[SourceQuality "1"]

1. d4 Nf6 2. Nf3 e6 3. Bg5 c5 4. Nc3 cxd4 5. Qxd4 Nc6 6. Qh4 Be7 7. e4 Qa5 8.
Bb5 d6 9. e5 dxe5 10. Nxe5 O-O 11. Nxc6 bxc6 12. Bxc6 Rb8 13. O-O Rxb2 14. Ne4
Qf5 15. Rab1 Rxb1 16. Rxb1 Ba6 17. Nxf6+ Bxf6 18. Bxf6 Qxf6 19. Qa4 Be2 20.
Qxa7 Qc3 21. Be4 Qc4 22. Bd3 Bxd3 23. cxd3 Qxd3 24. Qb7 Qa3 25. Qb2 Qa5 26. Ra1
h5 27. a4 Rd8 28. h4 Rd5 29. g3 Kh7 30. Qc2+ g6 31. Rd1 Rf5 32. Rd4 Qe1+ 33.
Kg2 Qe5 34. Qd2 Kg7 35. Rf4 Qd5+ 1/2-1/2

[Event "Guillermo Garcia Memorial-A 11th"]
[Site "Santa Clara"]
[Date "2003.??.??"]
[Round "8"]
[White "Hernandez Onna, Roman"]
[Black "Delgado Ramirez, Neuris"]
[Result "1/2-1/2"]
[WhiteElo "2403"]
[BlackElo "2526"]
[PlyCount "35"]
[EventDate "2003.05.19"]
[EventType "tourn"]
[EventRounds "13"]
[EventCountry "CUB"]
[EventCategory "8"]
[SourceTitle "EXT 2007"]
[Source "ChessBase"]
[SourceDate "2006.11.23"]
[SourceVersion "1"]
[SourceVersionDate "2006.11.23"]
[SourceQuality "1"]

1. Nf3 Nf6 2. d4 c5 3. d5 b5 4. Bg5 Qb6 5. c4 bxc4 6. Nc3 Na6 7. e4 h6 8. Bxf6
exf6 9. Bxc4 Bd6 10. O-O O-O 11. b3 Re8 12. Re1 Nc7 13. Qd3 a6 14. a4 Rb8 15.
g3 a5 16. Kg2 Na6 17. Nb5 Nb4 18. Qd2 1/2-1/2

[Event "Guillermo Garcia Memorial-A 11th"]
[Site "Santa Clara"]
[Date "2003.??.??"]
[Round "9"]
[White "Delgado Ramirez, Neuris"]
[Black "Zambrana, Oswaldo"]
[Result "1-0"]
[WhiteElo "2526"]
[BlackElo "2385"]
[PlyCount "73"]
[EventDate "2003.05.19"]
[EventType "tourn"]
[EventRounds "13"]
[EventCountry "CUB"]
[EventCategory "8"]
[SourceTitle "EXT 2007"]
[Source "ChessBase"]
[SourceDate "2006.11.23"]
[SourceVersion "1"]
[SourceVersionDate "2006.11.23"]
[SourceQuality "1"]

1. e4 c5 2. Nf3 Nc6 3. Bb5 g6 4. c3 Nf6 5. e5 Nd5 6. d4 cxd4 7. Qb3 Nc7 8. Bc4
Ne6 9. cxd4 Bg7 10. Qd1 d5 11. Bb3 O-O 12. Nc3 Nc7 13. h3 b6 14. O-O Ba6 15.
Re1 Bc4 16. Bc2 a5 17. Be3 Qd7 18. Qd2 Rfc8 19. Bh6 Ne6 20. Rad1 Nb4 21. Bb1 a4
22. Nh2 Nc6 23. Bxg7 Nxg7 24. Ng4 b5 25. Qf4 Nd8 26. Nh6+ Kf8 27. Rd2 a3 28. b4
Ra6 29. Qh4 Qc6 30. Ng4 h5 31. f4 Ke8 32. Ne3 Nde6 33. f5 Nf8 34. Qg5 Rc7 35.
g4 hxg4 36. hxg4 Kd7 37. Qh6 1-0

[Event "Guillermo Garcia Memorial-A 11th"]
[Site "Santa Clara"]
[Date "2003.??.??"]
[Round "10"]
[White "Fernandez Cardoso, Alexey"]
[Black "Delgado Ramirez, Neuris"]
[Result "1/2-1/2"]
[WhiteElo "2373"]
[BlackElo "2526"]
[PlyCount "151"]
[EventDate "2003.05.19"]
[EventType "tourn"]
[EventRounds "13"]
[EventCountry "CUB"]
[EventCategory "8"]
[SourceTitle "EXT 2007"]
[Source "ChessBase"]
[SourceDate "2006.11.23"]
[SourceVersion "1"]
[SourceVersionDate "2006.11.23"]
[SourceQuality "1"]

1. e4 c5 2. Nf3 d6 3. d4 cxd4 4. Nxd4 Nf6 5. Nc3 a6 6. Bc4 e6 7. Bb3 Nbd7 8.
O-O Nc5 9. f4 Qc7 10. Kh1 Be7 11. e5 Nfd7 12. exd6 Qxd6 13. Be3 O-O 14. Qf3 Nf6
15. Rad1 Qc7 16. Bf2 Bd7 17. Bh4 b5 18. Rfe1 Rae8 19. a3 Bd8 20. f5 Nxb3 21.
cxb3 exf5 22. Rxe8 Rxe8 23. Nxf5 Qe5 24. Bxf6 Bxf6 25. Ng3 Be6 26. Nge4 Be7 27.
b4 h5 28. Qg3 Qxg3 29. hxg3 Rc8 30. Kg1 Rc4 31. Kf2 f5 32. Nd2 Rd4 33. Nf3 Rxd1
34. Nxd1 Bf6 35. Nc3 g5 36. Ke3 Kf7 37. Nd4 Be5 38. Nf3 Bf6 39. Nd4 Bd8 40. a4
Bb6 41. axb5 axb5 42. Ncxb5 Kf6 43. Ke2 Bd5 44. Kf1 Bc4+ 45. Ke1 g4 46. Nd6 Bd5
47. N4xf5 Ke5 48. Nc8 Bc7 49. Ne3 Bb7 50. Ne7 Ke6 51. N7f5 Be5 52. Kf2 Be4 53.
Nh4 Bxb2 54. Ke2 Be5 55. Kf2 Bd3 56. Nd1 Bd6 57. b5 Bxb5 58. Ng6 Kf5 59. Nf4 h4
60. Ne3+ Ke4 61. Ne2 Kd3 62. Nxg4 Kd2 63. gxh4 Bxe2 64. Nf6 Bc5+ 65. Kg3 Ke3
66. h5 Bd6+ 67. Kh4 Be7 68. Kg5 Bd3 69. h6 Bh7 70. g4 Kf3 71. Kh5 Bxf6 72. g5
Bd4 73. g6 Bg8 74. h7 Bc4 75. Kh6 Bd3 76. h8=Q 1/2-1/2